[Event "2. BUNDESLIGA MITTE"]
[Site "Steyregg, Fuerstenfeld/Sauwald/Villach, St. Veit/Glan, Graz"]
[Date "2016.04.17"]
[Round "11"]
[Board "2"]
[White "Stevic, Hrvoje"]
[Black "Pilaj, Herwig"]
[Result "1-0"]
[WhiteElo "2602"]
[BlackElo "2381"]
[PlyCount "79"]
[EventDate "2015.10.02"]
[EventType "team"]
[EventRounds "11"]
[EventCountry "AUT"]
[WhiteTeam "SV Wolfsberg"]
[BlackTeam "SPG. Sparkasse Fuerstenfeld/Hartberg"]

1. e4 c5 2. Nf3 Nc6 3. Bb5 g6 4. Bxc6 bxc6 5. O-O Bg7 6. Re1 Nh6 7. c3 O-O 8.
d4 cxd4 9. cxd4 f6 10. h3 Nf7 11. Nc3 d6 12. Be3 Bb7 13. Qa4 Kh8 14. Nd2 f5 15.
Nc4 a5 16. d5 c5 17. exf5 gxf5 18. Rad1 Ba6 19. f4 Rb8 20. Nxa5 Rxb2 21. Nc6
Qb6 22. Rc1 Bd3 23. Red1 Bxc3 24. Rxd3 Bf6 25. Rb3 Rxb3 26. axb3 Qb7 27. Qc4
Ra8 28. Bd2 Ra3 29. b4 cxb4 30. Bxb4 Re3 31. Bc3 Bxc3 32. Rxc3 Qb1+ 33. Kh2 Re4
34. Qa6 Re1 35. Kg3 Kg7 36. Rf3 Re4 37. Qc8 Ra4 38. Kh2 Nh8 39. Nxe7 Ng6 40.
Nxf5+ 1-0

[Event "2. BUNDESLIGA MITTE"]
[Site "Steyregg, Fuerstenfeld/Sauwald/Villach, St. Veit/Glan, Graz"]
[Date "2016.04.17"]
[Round "11"]
[Board "3"]
[White "Poetz, Florian"]
[Black "Cebalo, Miso"]
[Result "1-0"]
[WhiteElo "2385"]
[BlackElo "2408"]
[PlyCount "125"]
[EventDate "2015.10.02"]
[EventType "team"]
[EventRounds "11"]
[EventCountry "AUT"]
[WhiteTeam "SPG. Sparkasse Fuerstenfeld/Hartberg"]
[BlackTeam "SV Wolfsberg"]

1. e4 c5 2. Nf3 d6 3. d4 cxd4 4. Nxd4 Nf6 5. Nc3 g6 6. Be3 Bg7 7. f3 Nc6 8. Qd2
h5 9. O-O-O Bd7 10. Kb1 a6 11. Nd5 Nxd5 12. exd5 Nxd4 13. Bxd4 O-O 14. h4 Rc8
15. Bxg7 Kxg7 16. Qd4+ f6 17. Bd3 Qa5 18. Qe4 Bf5 19. Qxe7+ Rf7 20. Qxd6 Rd8
21. Qf4 Rxd5 22. Bxf5 Rxf5 23. Qd4 Re5 24. Rd2 Rfe7 25. Rhd1 Re3 26. a3 Qf5 27.
Qc4 Qe6 28. Qxe6 R3xe6 29. c4 Kf7 30. b4 Re3 31. Kb2 Ke6 32. Rd6+ Kf5 33. R1d5+
R7e5 34. Rxe5+ Kxe5 35. Rb6 Re2+ 36. Kb3 Rxg2 37. Rxb7 Rg3 38. Re7+ Kd6 39. Ra7
Rxf3+ 40. Ka4 g5 41. Rxa6+ Kc7 42. Ra7+ Kb6 43. Rh7 g4 44. Rxh5 g3 45. Rh6 Kc7
46. Rg6 f5 47. h5 f4 48. h6 Rf1 49. c5 Rh1 50. b5 f3 51. Rg7+ Kc8 52. Rg8+ Kc7
53. b6+ Kc6 54. Rg6+ Kb7 55. Rg7+ Kc6 56. Rg6+ Kb7 57. Kb5 Rb1+ 58. Ka5 Rc1 59.
c6+ Rxc6 60. Rg7+ Kb8 61. h7 Rh6 62. Ka6 Kc8 63. Ka7 1-0

[Event "2. BUNDESLIGA MITTE"]
[Site "Steyregg, Fuerstenfeld/Sauwald/Villach, St. Veit/Glan, Graz"]
[Date "2016.04.17"]
[Round "11"]
[Board "4"]
[White "Reichmann, Egon"]
[Black "Radnetter, Georg"]
[Result "0-1"]
[WhiteElo "2267"]
[BlackElo "2323"]
[PlyCount "104"]
[EventDate "2015.10.02"]
[EventType "team"]
[EventRounds "11"]
[EventCountry "AUT"]
[WhiteTeam "SV Wolfsberg"]
[BlackTeam "SPG. Sparkasse Fuerstenfeld/Hartberg"]

1. d4 e6 2. Nf3 Nf6 3. c4 b6 4. g3 Bb7 5. Bg2 Be7 6. O-O O-O 7. Nc3 Ne4 8. Qc2
Nxc3 9. Qxc3 f5 10. b3 Bf6 11. Bb2 d6 12. Ne1 Bxg2 13. Nxg2 Nc6 14. Rad1 Nxd4
15. Rxd4 c5 16. Qe3 cxd4 17. Qxe6+ Kh8 18. Qxf5 Qe7 19. Qd3 Rae8 20. Re1 Qe4
21. Qxe4 Rxe4 22. f3 Ree8 23. Kf2 Kg8 24. Nf4 Bg5 25. Nd5 Be3+ 26. Nxe3 dxe3+
27. Kf1 Rf5 28. Rd1 Rxf3+ 29. exf3 e2+ 30. Ke1 exd1=Q+ 31. Kxd1 d5 32. cxd5 Rd8
33. Ke2 Rxd5 34. h4 Kf7 35. a4 g6 36. Bc3 Rc5 37. Kd3 Ke6 38. b4 Rd5+ 39. Bd4
Kf5 40. Kc4 Ke6 41. b5 Rd7 42. Be3 Rf7 43. Bf4 h5 44. Bb8 Rd7 45. Bf4 Rd1 46.
Bb8 Ra1 47. Kb4 Kd7 48. g4 Kc8 49. Be5 Rh1 50. gxh5 Rxh4+ 51. Kb3 Rxh5 52. f4
Rxe5 0-1

[Event "2. BUNDESLIGA MITTE"]
[Site "Steyregg, Fuerstenfeld/Sauwald/Villach, St. Veit/Glan, Graz"]
[Date "2016.04.17"]
[Round "11"]
[Board "5"]
[White "Stradner, Stefan"]
[Black "Toefferl, Heimo"]
[Result "1-0"]
[WhiteElo "2187"]
[BlackElo "2035"]
[PlyCount "91"]
[EventDate "2015.10.02"]
[EventType "team"]
[EventRounds "11"]
[EventCountry "AUT"]
[WhiteTeam "SPG. Sparkasse Fuerstenfeld/Hartberg"]
[BlackTeam "SV Wolfsberg"]

1. c4 e6 2. Nc3 d5 3. d4 f5 4. g4 c6 5. gxf5 exf5 6. cxd5 cxd5 7. Nh3 Nc6 8.
Nf4 Nf6 9. Rg1 a6 10. e3 g6 11. a3 Bd6 12. Nfxd5 Nxd5 13. Nxd5 Bxh2 14. Rh1 Bd6
15. Qf3 Be6 16. Nf4 Bf7 17. Bd2 Qe7 18. Be2 Rc8 19. Rc1 O-O 20. Nd5 Qe6 21. Nb6
Nxd4 22. exd4 Rxc1+ 23. Bxc1 Re8 24. Kf1 Bc7 25. Na4 Qd7 26. Nc3 Qxd4 27. Be3
Qe5 28. Rh4 Ba5 29. Bd4 Qc7 30. Rxh7 Kf8 31. Rh8+ Ke7 32. Rxe8+ Kxe8 33. Qe3+
Qe7 34. Qxe7+ Kxe7 35. Bf3 Bxc3 36. Bxc3 b6 37. Bd4 b5 38. Bb7 a5 39. Bc3 a4
40. Ke2 g5 41. Bc8 Bg6 42. Ke3 f4+ 43. Kd4 Kd6 44. Bb4+ Kc7 45. Bg4 Kd8 46. Ke5
 1-0

[Event "2. BUNDESLIGA MITTE"]
[Site "Steyregg, Fuerstenfeld/Sauwald/Villach, St. Veit/Glan, Graz"]
[Date "2016.04.17"]
[Round "11"]
[Board "6"]
[White "Stagl, Marco"]
[Black "Hatzl, Johannes"]
[Result "1-0"]
[WhiteElo "2057"]
[BlackElo "2081"]
[PlyCount "59"]
[EventDate "2015.10.02"]
[EventType "team"]
[EventRounds "11"]
[EventCountry "AUT"]
[WhiteTeam "SV Wolfsberg"]
[BlackTeam "SPG. Sparkasse Fuerstenfeld/Hartberg"]

1. d4 d5 2. Nf3 e6 3. g3 c5 4. c4 dxc4 5. Qa4+ Nc6 6. dxc5 Bxc5 7. Bg2 Qa5+ 8.
Qxa5 Nxa5 9. Ne5 Bd6 10. f4 f6 11. Nf3 Bd7 12. Bd2 Nc6 13. Na3 Bxa3 14. bxa3
Nge7 15. Rb1 Rb8 16. a4 Nd8 17. a5 b5 18. a4 a6 19. axb5 Bxb5 20. Nd4 Nec6 21.
Nxc6 Nxc6 22. Bxc6+ Kf7 23. Bxb5 axb5 24. Kf2 Rhd8 25. Be3 Rd5 26. Rb2 e5 27.
fxe5 fxe5 28. Rhb1 e4 29. a6 Rh5 30. Kg2 1-0